LEADER 01228nam0 22003253i 450 001 PAR0886473 005 20231121125605.0 010 $a9027238928 010 $a9789027238986$bpb 100 $a20160401d2005 ||||0itac50 ba 101 | $aeng 102 $anl 181 1$6z01$ai $bxxxe 182 1$6z01$an 200 1 $aMetaphor and corpus linguistics$fAlice Deignan 210 $aAmsterdam$aPhiladelphia$cBenjamins$d2005 215 $aVIII, 235 p.$d24 cm. 225 | $aConverging evidence in language and communication research$v6 410 0$1001AQ10054522$12001 $aConverging evidence in language and communication research$v6 606 $aMetafora$xElaborazione dati$2FIR$3RMLC417882$9I 676 $a808.00285$9$v22 700 1$aDeignan$b, Alice$3UBOV103983$4070$0615439 801 3$aIT$bIT-01$c20160401 850 $aIT-FR0017 899 $aBiblioteca umanistica Giorgio Aprea$bFR0017 912 $aPAR0886473 950 0$aBiblioteca umanistica Giorgio Aprea$d 52CIS 8/176$e 52VM 0000731965 VM barcode:00064779. - Inventario:4937 LLCSVM$fA $h20080218$i20121204 977 $a 52 996 $aMetaphor and corpus linguistics$91084020 997 $aUNICAS LEADER 02836nam 2200625Ia 450 001 9910783903303321 005 20230721025449.0 010 $a1-280-92895-6 010 $a9786610928958 010 $a1-84663-437-7 035 $a(CKB)1000000000337275 035 $a(EBL)306217 035 $a(OCoLC)173763788 035 $a(SSID)ssj0000914181 035 $a(PQKBManifestationID)11470964 035 $a(PQKBTitleCode)TC0000914181 035 $a(PQKBWorkID)10862245 035 $a(PQKB)10438625 035 $a(SSID)ssj0001687497 035 $a(PQKBManifestationID)16526249 035 $a(PQKBTitleCode)TC0001687497 035 $a(PQKBWorkID)15053337 035 $a(PQKB)11511288 035 $a(MiAaPQ)EBC306217 035 $a(Au-PeEL)EBL306217 035 $a(CaPaEBR)ebr10185513 035 $a(EXLCZ)991000000000337275 100 $a20070112d2007 uy 0 101 0 $aeng 135 $aur|n|---||||| 181 $ctxt 182 $cc 183 $acr 200 00$aFinancial services$b[electronic resource] /$fguest editor, Rachel Brown 210 $aBradford $cEmerald Group Press$dc2007 215 $a1 online resource (53 p.) 225 0 $aStrategic direction ;$v23, no. 6 300 $aDescription based upon print version of record. 311 $a1-84663-436-9 327 $aCover; Table of contents; Viewpoint; Goldman Sachs' golden touch; Building brand values through internal marketing; An interview with Peter Kelly; Governing the corporates; Chief executives you can bank on; Competitive banking; An interview with Zahirul Hoque; Wells Fargo and First Direct lead the way in the banking sector; The retail banking industry in 2015; Funding ethical causes is no joke; An interview with Arkadi Kuhlmann; What's on the web; Abstracts; Suggested reading; Diary 330 $aFinancial services is the largest industry in the world in terms of earnings. With the increased level of competitiveness within the financial services industry, what defines those organizations which successfully stay on top?. This e-book has a blend of reviews, case studies and interviews. It examines recent case studies of companies in trouble to see how they are turning their fortunes around (Morgan Stanley) and the strategies which are keeping others constantly ahead of the game, such as Goldman Sachs. It also looks at the important issue of corporate social responsibility, and how banks 606 $aStrategic planning 606 $aBusiness planning 615 0$aStrategic planning. 615 0$aBusiness planning. 676 $a346.41 676 $a346.41/082 701 $aBrown$b Rachel$01116822 801 0$bMiAaPQ 801 1$bMiAaPQ 801 2$bMiAaPQ 906 $aBOOK 912 $a9910783903303321 996 $aFinancial services$93828449 997 $aUNINA